000 00429nam a22001697a 4500
003 MACL
005 20151226124128.0
008 151226b xxu||||| |||| 00| 0 eng d
040 _cMACL
041 _aEnglish
082 _a070/BAN
100 _aBandyopadhyay,P.K.
_922775
245 _aRadio Communication at Close Range
260 _aDelhi
_bB.R. Publications Corporations
_c2010
650 _aMedia
_922776
942 _2ddc
_cBK
999 _c51885
_d51885